[Event "Belem Gambito da Dama op 1st U2000"]
[Site "Belem"]
[Date "2018.02.02"]
[Round "2.6"]
[White "Farias, Sergio Luiz Cardoso"]
[Black "Santos, Gleydson Jose Barbo"]
[Result "0-1"]
[WhiteElo "1571"]
[BlackElo "1909"]
[PlyCount "42"]
[EventDate "2018.02.12"]
[EventType "swiss"]
[EventRounds "5"]
[EventCountry "BRA"]
[SourceTitle "EXT 2022"]
[Source "ChessBase"]
[SourceDate "2021.10.06"]
[SourceVersion "1"]
[SourceVersionDate "2021.10.06"]
[SourceQuality "1"]

1. e4 e5 2. f4 Bc5 3. Nf3 d6 4. Bc4 Nf6 5. Nc3 0-0 6. d4 exd4 7. Nxd4 Re8 8. Qd3 d5 9. Nb3 Nxe4 10. Nxe4 Rxe4+ 11. Kf1 Qh4 12. Qg3 Qxg3 13. hxg3 Rxc4 14. c3 Bg4 15. Nxc5 Rxc5 16. Be3 Rc4 17. Re1 Nc6 18. Bd2 Re4 19. Kf2 Rae8 20. Re3 d4 21. cxd4 Nb4 0-1

[Event "Belem op 2nd"]
[Site "Belem"]
[Date "2017.07.08"]
[Round "4"]
[White "Santos, Gleydson Jose Barbo"]
[Black "Cohen Farias, Paulo"]
[Result "0-1"]
[WhiteElo "1909"]
[BlackElo "2164"]
[PlyCount "78"]
[EventDate "2017.07.07"]
[EventType "swiss"]
[EventRounds "6"]
[EventCountry "BRA"]
[SourceTitle "EXT 2018"]
[Source "ChessBase"]
[SourceDate "2017.10.13"]
[SourceVersion "1"]
[SourceVersionDate "2017.10.13"]
[SourceQuality "1"]

1. e4 c5 2. Nf3 d6 3. d4 cxd4 4. Nxd4 Nf6 5. Nc3 a6 6. Bg5 e6 7. f4 Be7 8. Qd2 b5 9. a3 Bb7 10. Bd3 Nbd7 11. Nb3 Nc5 12. Nxc5 dxc5 13. e5 c4 14. exf6 gxf6 15. Be4 Qxd2+ 16. Kxd2 0-0-0+ 17. Ke2 fxg5 18. fxg5 Bxg5 19. Bxb7+ Kxb7 20. Ne4 Be7 21. a4 f5 22. Nc3 b4 23. Nd1 Bg5 24. Ne3 Rd4 25. Nf1 Rhd8 26. g3 e5 27. h4 Bh6 28. Ke1 Re4+ 29. Kf2 Bf8 30. Rh2 Bc5+ 31. Kf3 b3 32. Rc1 Kb6 33. Re2 Rxe2 34. Kxe2 c3 35. bxc3 b2 36. Rb1 Ba3 37. Ne3 Kc5 38. Nxf5 Kc4 39. Ne3+ Kxc3 0-1

[Event "Paraense-ch"]
[Site "Parauapebas"]
[Date "2016.10.28"]
[Round "2.7"]
[White "Amorim, Genaro Jose Melo De"]
[Black "Santos, Gleydson Jose Barbo"]
[Result "0-1"]
[WhiteElo "1824"]
[BlackElo "1923"]
[PlyCount "130"]
[EventDate "2016.10.28"]
[EventType "swiss"]
[EventRounds "6"]
[EventCountry "BRA"]
[SourceTitle "EXT 2022"]
[Source "ChessBase"]
[SourceDate "2021.10.06"]
[SourceVersion "1"]
[SourceVersionDate "2021.10.06"]
[SourceQuality "1"]

1. e4 e5 2. Nf3 Nc6 3. d4 exd4 4. Nxd4 Bc5 5. Nxc6 bxc6 6. Bd3 Qf6 7. 0-0 Ne7 8. Nc3 0-0 9. Na4 Bd6 10. Be3 Ng6 11. Qd2 Nf4 12. Nc3 Nxd3 13. cxd3 Bb4 14. d4 d5 15. e5 Qg6 16. Rac1 Ba6 17. Rfd1 f6 18. exf6 Rxf6 19. a3 Bd6 20. g3 Bc8 21. Ne2 Bg4 22. f4 Qh5 23. Re1 Bf3 24. Nc3 Rg6 25. Qf2 Rf8 26. Rf1 Bg4 27. Rc2 Bh3 28. Re1 Qf5 29. Kh1 h5 30. Bc1 h4 31. Rce2 hxg3 32. hxg3 Bg4 33. Re5 Bxe5 34. Rxe5 Qd3 35. Kg1 Rh6 36. f5 Rh5 37. Qe3 Qxe3+ 38. Bxe3 Rhxf5 39. Bf4 Rxe5 40. Bxe5 Rf7 41. Na2 Be2 42. Nb4 Bb5 43. Kg2 a5 44. Nc2 Bf1+ 45. Kg1 Bd3 46. Ne3 Rf3 47. Ng4 Rf1+ 48. Kg2 Rb1 49. Bxc7 Rxb2+ 50. Kg1 a4 51. Bd6 Be4 52. Ne5 Rg2+ 53. Kf1 Rxg3 54. Nxc6 Rd3 55. Ke2 g5 56. Ne7+ Kf7 57. Nc6 Ke6 58. Bc5 Rf3 59. Ne5 Rf5 60. Nc6 g4 61. Bb4 g3 62. Be1 g2 63. Bf2 Rf3 64. Nd8+ Kd7 65. Nb7 Rxa3 0-1

[Event "Belem Velha op 3rd"]
[Site "Belem"]
[Date "2015.05.02"]
[Round "5"]
[White "Da Costa Neto, Arlindo Fiel"]
[Black "Santos, Gleydson Jose Barbo"]
[Result "0-1"]
[WhiteElo "1800"]
[BlackElo "1937"]
[PlyCount "76"]
[EventDate "2015.04.30"]
[EventType "swiss"]
[EventRounds "7"]
[EventCountry "BRA"]
[SourceTitle "CBM 166 Extra"]
[Source "ChessBase"]
[SourceDate "2015.06.18"]
[SourceVersion "1"]
[SourceVersionDate "2015.06.18"]
[SourceQuality "1"]

1. e4 e5 2. Nf3 Nc6 3. d3 Bc5 4. c4 Nf6 5. h3 d6 6. Bd2 0-0 7. Nc3 Ne7 8. a3 a6 9. Bg5 Ng6 10. Nd5 c6 11. Nxf6+ gxf6 12. Bd2 Qb6 13. d4 Bxd4 14. Nxd4 Qxd4 15. Qc2 d5 16. Bd3 dxe4 17. Bxe4 Be6 18. c5 Rfd8 19. 0-0-0 Qxf2 20. Rhf1 Qh4 21. Rh1 Rd4 22. g4 Rc4 23. Bc3 Rxc5 24. Rdf1 Bd5 25. Re1 Bxe4 26. Qxe4 Rd8 27. Kb1 Rcd5 28. Qf5 Qg5 29. Qf3 Rd3 30. Qf2 Qf4 31. Qb6 R8d7 32. Ref1 Qe4 33. Ka1 Nf4 34. Re1 Qa4 35. Ka2 Rxc3 36. Rc1 Rxc1 37. Rxc1 Qd4 38. Qb3 Qd3 0-1

[Event "Belem Velha op 2nd"]
[Site "Belem"]
[Date "2015.02.18"]
[Round "9"]
[White "Ferreira, Pedro Araujo"]
[Black "Santos, Gleydson Jose Barbo"]
[Result "1/2-1/2"]
[WhiteElo "1945"]
[BlackElo "1908"]
[PlyCount "27"]
[EventDate "2015.02.13"]
[EventType "swiss"]
[EventRounds "9"]
[EventCountry "BRA"]
[SourceTitle "CBM 164 Extra"]
[Source "ChessBase"]
[SourceDate "2015.03.02"]
[SourceVersion "1"]
[SourceVersionDate "2015.03.02"]
[SourceQuality "1"]

1. e4 e5 2. Nf3 Nc6 3. Bb5 a6 4. Ba4 Nf6 5. 0-0 b5 6. Bb3 Be7 7. Re1 d6 8. h3 Na5 9. c3 Nxb3 10. Qxb3 Be6 11. Qd1 c5 12. b3 0-0 13. Bb2 Qc7 14. d4 1/2-1/2

[Event "Belem Velha op 2nd"]
[Site "Belem"]
[Date "2015.02.17"]
[Round "8"]
[White "Santos, Gleydson Jose Barbo"]
[Black "Costa, Edvaldo da Cruz"]
[Result "1-0"]
[WhiteElo "1908"]
[BlackElo "1634"]
[PlyCount "83"]
[EventDate "2015.02.13"]
[EventType "swiss"]
[EventRounds "9"]
[EventCountry "BRA"]
[SourceTitle "CBM 164 Extra"]
[Source "ChessBase"]
[SourceDate "2015.03.02"]
[SourceVersion "1"]
[SourceVersionDate "2015.03.02"]
[SourceQuality "1"]

1. c4 e6 2. Nf3 d5 3. g3 Nf6 4. Bg2 c6 5. 0-0 Be7 6. b3 0-0 7. Bb2 Nbd7 8. d3 Re8 9. Nbd2 Nf8 10. Ne5 d4 11. Ndf3 c5 12. b4 Rb8 13. Qa4 Qb6 14. a3 Bd7 15. Qc2 Ng6 16. Nxg6 fxg6 17. Rab1 Qc7 18. bxc5 e5 19. e3 Bxc5 20. exd4 exd4 21. Nxd4 Bxd4 22. Bxd4 Bc6 23. Bxc6 Qxc6 24. Be3 Ng4 25. Bf4 Rbc8 26. h3 Ne5 27. Bxe5 Rxe5 28. Qb3 Rc7 29. c5+ Kh8 30. d4 Rh5 31. g4 Rd5 32. Qe3 h6 33. Rb3 Kh7 34. Rfb1 Qd7 35. Qe4 a5 36. Rb6 Rxd4 37. Qxg6+ Kh8 38. Rd6 Rxd6 39. cxd6 Rc8 40. Re1 b5 41. Re7 Qc6 42. Qxg7# 1-0

[Event "Belem Velha op 2nd"]
[Site "Belem"]
[Date "2015.02.13"]
[Round "1"]
[White "Cohen Farias, Paulo"]
[Black "Santos, Gleydson Jose Barbo"]
[Result "1-0"]
[WhiteElo "2227"]
[BlackElo "1908"]
[PlyCount "99"]
[EventDate "2015.02.13"]
[EventType "swiss"]
[EventRounds "9"]
[EventCountry "BRA"]
[SourceTitle "CBM 164 Extra"]
[Source "ChessBase"]
[SourceDate "2015.03.02"]
[SourceVersion "1"]
[SourceVersionDate "2015.03.02"]
[SourceQuality "1"]

1. d4 Nf6 2. Nc3 d5 3. Bg5 Bf5 4. e3 Nbd7 5. Bd3 Bxd3 6. cxd3 e6 7. Nge2 Be7 8. 0-0 0-0 9. Rc1 c6 10. Qd2 e5 11. dxe5 Nxe5 12. d4 Nc4 13. Qc2 h6 14. Bf4 Nh5 15. b3 Nxf4 16. Nxf4 Nb6 17. Qf5 Qd7 18. Qh5 Bd6 19. Nce2 Rae8 20. Nd3 Kh7 21. Nc5 Qe7 22. Qf3 f5 23. Nf4 Bxc5 24. Rxc5 Nd7 25. Rc2 Nf6 26. Nd3 Ne4 27. Ne5 c5 28. Qh5 Qd6 29. f3 g6 30. Nxg6 Qxg6 31. Qxg6+ Kxg6 32. fxe4 cxd4 33. exf5+ Rxf5 34. Rxf5 Kxf5 35. exd4 Re7 36. Rf2+ Kg5 37. g3 Re4 38. Rd2 h5 39. Kg2 h4 40. h3 hxg3 41. Kxg3 Re3+ 42. Kg2 Kh4 43. Rf2 Rg3+ 44. Kf1 Rd3 45. Rf7 Kxh3 46. Rxb7 Rxd4 47. Rxa7 Kg3 48. Ke2 Re4+ 49. Kd3 Kf3 50. Rf7+ 1-0

[Event "Para State-ch final"]
[Site "Ananindeua"]
[Date "2014.12.21"]
[Round "4"]
[White "Leao, Flavio Sanchez"]
[Black "Santos, Gleydson Jose Barbo"]
[Result "1/2-1/2"]
[WhiteElo "1818"]
[BlackElo "1923"]
[PlyCount "64"]
[EventDate "2014.12.19"]
[EventType "swiss"]
[EventRounds "5"]
[EventCountry "BRA"]
[SourceTitle "EXT 2018"]
[Source "ChessBase"]
[SourceDate "2017.10.13"]
[SourceVersion "1"]
[SourceVersionDate "2017.10.13"]
[SourceQuality "1"]

1. e4 e5 2. Nf3 Nc6 3. d4 exd4 4. Nxd4 Bc5 5. Be3 Qf6 6. c3 Nge7 7. Be2 0-0 8. 0-0 d6 9. Nb5 Bxe3 10. fxe3 Qg5 11. Nxc7 Bh3 12. Bf3 Rac8 13. Nd5 Nxd5 14. exd5 Ne5 15. Kh1 Bg4 16. Nd2 f5 17. h3 Rf6 18. Bxg4 Nxg4 19. Ne4 fxe4 20. Qxg4 Qxg4 21. hxg4 Rcf8 22. Kg1 Rxf1+ 23. Rxf1 Rxf1+ 24. Kxf1 Kf7 25. Kf2 g5 26. c4 Kf6 27. b4 b5 28. c5 dxc5 29. bxc5 b4 30. Ke2 a5 31. Kd2 a4 32. Kc2 Ke7 1/2-1/2

[Event "Belem Velha op 1st"]
[Site "Belem"]
[Date "2014.11.23"]
[Round "6"]
[White "Moraes, Nelson da Silva"]
[Black "Santos, Gleydson Jose Barbo"]
[Result "1-0"]
[WhiteElo "2218"]
[BlackElo "1924"]
[PlyCount "78"]
[EventDate "2014.11.20"]
[EventType "swiss"]
[EventRounds "6"]
[EventCountry "BRA"]
[SourceTitle "CBM 163 Extra"]
[Source "ChessBase"]
[SourceDate "2014.12.23"]
[SourceVersion "1"]
[SourceVersionDate "2014.12.23"]
[SourceQuality "1"]

1. d4 Nf6 2. c4 e6 3. g3 d5 4. Bg2 Be7 5. Nf3 0-0 6. 0-0 dxc4 7. Ne5 Nc6 8. Nxc6 bxc6 9. Na3 Bxa3 10. bxa3 Qe7 11. Bxc6 Rb8 12. Qa4 Bb7 13. Bxb7 Rxb7 14. Qxc4 Rfb8 15. Qd3 Qd7 16. Bd2 Qd5 17. Rfc1 Ne4 18. Bf4 Ng5 19. Bxg5 Qxg5 20. Rc5 Qe7 21. Rac1 Qd6 22. Qc3 Rd8 23. e3 Rc8 24. Qa5 h6 25. Rc6 Qd7 26. Qc5 Rb2 27. Rc2 Rb1+ 28. Kg2 Rb7 29. Qe5 Qe7 30. R2c4 Rb2 31. Rxc7 Rxc7 32. Rxc7 Qxa3 33. Rc8+ Kh7 34. Qe4+ g6 35. Qe5 Rxf2+ 36. Kxf2 Qb2+ 37. Ke1 Qb1+ 38. Kd2 Qb4+ 39. Kd3 Qb1+ 1-0

[Event "Castanhal op 3rd"]
[Site "Castanhal"]
[Date "2014.10.10"]
[Round "2"]
[White "Perdomo, Leandro Daniel"]
[Black "Santos, Gleydson Jose Barbo"]
[Result "1-0"]
[WhiteElo "2422"]
[BlackElo "1940"]
[PlyCount "113"]
[EventDate "2014.10.10"]
[EventType "swiss"]
[EventRounds "6"]
[EventCountry "BRA"]
[SourceTitle "EXT 2018"]
[Source "ChessBase"]
[SourceDate "2017.10.13"]
[SourceVersion "1"]
[SourceVersionDate "2017.10.13"]
[SourceQuality "1"]

1. d4 d5 2. c4 e6 3. Nc3 Nf6 4. Bg5 Nbd7 5. cxd5 exd5 6. e3 c6 7. Bd3 h6 8. Bh4 Bd6 9. Nge2 0-0 10. Ng3 Bxg3 11. Bxg3 Re8 12. 0-0 Qe7 13. Qc2 Nh5 14. Ne2 Nxg3 15. Nxg3 Nf6 16. Rab1 a5 17. Rfc1 Bd7 18. Qc5 Ne4 19. Qxe7 Rxe7 20. Bxe4 dxe4 21. Rc5 f6 22. a3 g6 23. Rd1 f5 24. h4 b6 25. Re5 Rf7 26. Ne2 Re8 27. Nf4 g5 28. hxg5 hxg5 29. Rxe8+ Bxe8 30. Ne6 g4 31. Kh2 Bd7 32. Nf4 Rf6 33. Kg3 Rd6 34. Rc1 Be8 35. Ne2 Rd5 36. Nc3 Rd6 37. b4 axb4 38. axb4 Rd8 39. Ra1 Rc8 40. Ra6 c5 41. Nd5 Rd8 42. Nf6+ Kf7 43. Nxe8 Kxe8 44. bxc5 bxc5 45. dxc5 Rd5 46. c6 Rc5 47. Kf4 Kd8 48. Ra7 Rc2 49. Kxf5 Rxf2+ 50. Kxg4 Rxg2+ 51. Kf5 Rc2 52. c7+ Rxc7 53. Rxc7 Kxc7 54. Kxe4 Kd6 55. Kf5 Ke7 56. Ke5 Kd7 57. Kf6 1-0

[Event "Belem Paraense Cup"]
[Site "Belem"]
[Date "2014.08.23"]
[Round "3"]
[White "Ribeiro, Carlos Afonso"]
[Black "Santos, Gleydson Jose Barbo"]
[Result "1/2-1/2"]
[WhiteElo "1805"]
[BlackElo "1930"]
[PlyCount "57"]
[EventDate "2014.08.22"]
[EventType "swiss"]
[EventRounds "6"]
[EventCountry "BRA"]
[SourceTitle "EXT 2015"]
[Source "ChessBase"]
[SourceDate "2014.11.20"]
[SourceVersion "1"]
[SourceVersionDate "2014.11.20"]
[SourceQuality "1"]

1. e4 e5 2. Nf3 Nc6 3. Bc4 Bc5 4. Nc3 Nf6 5. d3 h6 6. 0-0 0-0 7. h3 d6 8. a3 Be6 9. Bxe6 fxe6 10. Na4 Bb6 11. c3 Qe8 12. Nxb6 axb6 13. Nh2 d5 14. exd5 exd5 15. Re1 Qf7 16. f4 Nh5 17. Nf3 exf4 18. Ne5 Nxe5 19. Rxe5 Ng3 20. Qf3 g5 21. Bd2 c6 22. Be1 Rae8 23. Rxe8 Qxe8 24. Bxg3 fxg3 25. Qxg3 Qe2 26. Re1 Qxb2 27. Qd6 Qf2+ 28. Kh2 Qxe1 29. Qg6+ 1/2-1/2

[Event "Maraba op 1st"]
[Site "Maraba"]
[Date "2014.06.01"]
[Round "6"]
[White "Almeida, Talita Medrado"]
[Black "Santos, Gleydson Jose Barbo"]
[Result "1-0"]
[WhiteElo "1815"]
[BlackElo "1940"]
[PlyCount "65"]
[EventDate "2014.05.30"]
[EventType "swiss"]
[EventRounds "6"]
[EventCountry "BRA"]
[SourceTitle "CBM 160 Extra"]
[Source "ChessBase"]
[SourceDate "2014.07.01"]
[SourceVersion "1"]
[SourceVersionDate "2014.07.01"]
[SourceQuality "1"]

1. e4 e5 2. Nf3 Nc6 3. d4 exd4 4. Nxd4 Bc5 5. Be3 Qf6 6. c3 Nge7 7. Nf5 Bxe3 8. Nxe3 d6 9. Bd3 0-0 10. 0-0 Ng6 11. Nd2 Nf4 12. Bc2 Ne5 13. Nf3 Bg4 14. Nxg4 Nxg4 15. Nd4 h5 16. g3 Nh3+ 17. Kg2 Ng5 18. h3 Nxh3 19. Nf5 Ng5 20. f3 Qxf5 21. exf5 Ne3+ 22. Kf2 Nxd1+ 23. Raxd1 Nh7 24. Rh1 Nf6 25. Rd4 Rfe8 26. Rdh4 Kf8 27. g4 hxg4 28. fxg4 Re5 29. g5 Ng8 30. Rh8 Rae8 31. Bd3 d5 32. f6 g6 33. R1h7 1-0

[Event "Maraba op 1st"]
[Site "Maraba"]
[Date "2014.05.31"]
[Round "3"]
[White "Melo, Wladimir"]
[Black "Santos, Gleydson Jose Barbo"]
[Result "0-1"]
[WhiteElo "1928"]
[BlackElo "1940"]
[PlyCount "33"]
[EventDate "2014.05.30"]
[EventType "swiss"]
[EventRounds "6"]
[EventCountry "BRA"]
[SourceTitle "CBM 160 Extra"]
[Source "ChessBase"]
[SourceDate "2014.07.01"]
[SourceVersion "1"]
[SourceVersionDate "2014.07.01"]
[SourceQuality "1"]

1. e4 e5 2. Bc4 Nc6 3. Nf3 Bc5 4. Nc3 Nf6 5. a3 d6 6. d3 0-0 7. Bg5 Be6 8. Nd5 Bxd5 9. Bxd5 Qe7 10. Nh4 Nd4 11. c3 Ne6 12. Nf5 Qd8 13. Bh4 c6 14. Bb3 d5 15. Qf3 g5 16. Qg3 Nd7 17. exd5 0-1

[Event "Paraense-ch"]
[Site "Belem"]
[Date "2013.11.??"]
[Round "2"]
[White "Santos, Gleydson Jose Barbo"]
[Black "Costa, Edvaldo da Cruz"]
[Result "0-1"]
[WhiteElo "1939"]
[BlackElo "1603"]
[PlyCount "110"]
[EventDate "2013.11.30"]
[EventType "tourn"]
[EventRounds "11"]
[EventCountry "BRA"]
[SourceTitle "EXT 2022"]
[Source "ChessBase"]
[SourceDate "2021.10.06"]
[SourceVersion "1"]
[SourceVersionDate "2021.10.06"]
[SourceQuality "1"]

1. c4 c5 2. Nf3 Nf6 3. Nc3 Nc6 4. g3 g6 5. Bg2 Bg7 6. 0-0 0-0 7. d4 cxd4 8. Nxd4 e5 9. Ndb5 a6 10. Nd6 Qc7 11. Bg5 Nd4 12. Bxf6 Bxf6 13. Nde4 Bg7 14. e3 f5 15. Ng5 h6 16. exd4 hxg5 17. Nd5 Qd8 18. dxe5 Bxe5 19. Re1 Bxb2 20. Rb1 Ba3 21. Nb6 Rb8 22. Qd5+ Kh7 23. Qe5 d6 24. Qe7+ Qxe7 25. Rxe7+ Kh6 26. Rbe1 d5 27. Re8 dxc4 28. Nxc4 Bc5 29. Rxf8 Bxf8 30. Re8 b5 31. Ne5 Kg7 32. Nd7 Kf7 33. Rxf8+ Ke7 34. Nxb8 Kxf8 35. Nc6 Kf7 36. Kf1 Ke6 37. Ke2 Kd6 38. Nd4 Kc5 39. Kd3 a5 40. Bc6 Ba6 41. Be8 b4+ 42. Ke3 Bc4 43. Nb3+ Kb6 44. Bxg6 a4 45. Nc1 Be6 46. h4 f4+ 47. Kd4 a3 48. Nb3 Bxb3 49. h5 Bxa2 50. h6 Bb3 51. Bb1 Bg8 52. Ba2 Bh7 53. gxf4 gxf4 54. f3 Kb5 55. Bd5 Ka4 0-1

[Event "BRA-ch sf2 80th"]
[Site "Belem"]
[Date "2013.10.31"]
[Round "1"]
[White "Santos, Gleydson Jose Barbo"]
[Black "Brito, Luismar"]
[Result "0-1"]
[WhiteElo "1939"]
[BlackElo "2276"]
[PlyCount "105"]
[EventDate "2013.10.31"]
[EventType "swiss"]
[EventRounds "7"]
[EventCountry "BRA"]
[SourceTitle "EXT 2016"]
[Source "ChessBase"]
[SourceDate "2015.10.08"]
[SourceVersion "1"]
[SourceVersionDate "2015.10.08"]
[SourceQuality "1"]

1. c4 b6 2. Nc3 e6 3. Nf3 Bb7 4. g3 Nc6 5. Bg2 Ne5 6. 0-0 Nxf3+ 7. exf3 c5 8. d4 cxd4 9. Qxd4 Ne7 10. Re1 Nf5 11. Qd3 Be7 12. Nd5 Bxd5 13. cxd5 0-0 14. Bf4 Bf6 15. Be5 Bxe5 16. Rxe5 Rc8 17. f4 Qc7 18. Ree1 Qc4 19. Be4 g6 20. Bxf5 gxf5 21. Qxc4 Rxc4 22. dxe6 fxe6 23. Rad1 Rc7 24. Rd2 Kf7 25. Kg2 Ke7 26. Red1 Rd8 27. f3 Rc4 28. b3 Rc3 29. g4 Rc5 30. g5 d5 31. h4 Rdc8 32. h5 Rc2 33. Kg3 Rxd2 34. Rxd2 Rc1 35. Kg2 b5 36. a4 b4 37. a5 Rc3 38. Rb2 d4 39. Kf2 d3 40. Ke1 Kd6 41. g6 hxg6 42. h6 Rc1+ 43. Kd2 Rf1 44. Ke3 Rh1 45. Kxd3 Rxh6 46. Kc4 Rh4 47. Rd2+ Kc6 48. Rd4 e5 49. fxe5 Rxd4+ 50. Kxd4 g5 51. Kc4 g4 52. fxg4 fxg4 53. Kd3 0-1

[Event "BRA-chT U26"]
[Site "Foz do Iguacu"]
[Date "2012.10.18"]
[Round "1"]
[White "Da Silva Borges, Rodrigo"]
[Black "Santos, Gleydson Jose Barbo"]
[Result "1-0"]
[WhiteElo "2198"]
[BlackElo "1850"]
[PlyCount "38"]
[EventDate "2012.10.18"]
[EventType "team-swiss"]
[EventRounds "7"]
[EventCountry "BRA"]
[SourceTitle "EXT 2013"]
[Source "ChessBase"]
[SourceDate "2012.11.22"]
[SourceVersion "1"]
[SourceVersionDate "2012.11.22"]
[SourceQuality "1"]

1. e4 e6 2. d4 d5 3. Nc3 Bb4 4. e5 c5 5. a3 cxd4 6. axb4 dxc3 7. bxc3 Qc7 8. Nf3 Nc6 9. Bb5 Nge7 10. 0-0 Bd7 11. Qe2 0-0 12. Bd3 Ng6 13. Re1 f6 14. exf6 Rxf6 15. b5 Nce7 16. Bg5 Nf4 17. Qe5 Qxe5 18. Nxe5 Nxd3 19. Nxd3 Bxb5 1-0

[Event "Paraense-ch"]
[Site "Belem"]
[Date "2012.10.06"]
[Round "9.1"]
[White "Santos, Gleydson Jose Barbo"]
[Black "Santiago, Bruno Majorico Frei"]
[Result "0-1"]
[WhiteElo "1863"]
[BlackElo "2157"]
[PlyCount "78"]
[EventDate "2012.09.28"]
[EventType "tourn"]
[EventRounds "11"]
[EventCountry "BRA"]
[SourceTitle "EXT 2022"]
[Source "ChessBase"]
[SourceDate "2021.10.06"]
[SourceVersion "1"]
[SourceVersionDate "2021.10.06"]
[SourceQuality "1"]

1. c4 Nf6 2. Nc3 g6 3. g3 Bg7 4. Bg2 0-0 5. Nf3 d6 6. 0-0 Nc6 7. d3 Bd7 8. Bd2 Qc8 9. Re1 Rb8 10. Rb1 a6 11. b4 b5 12. cxb5 axb5 13. Qc1 Qa6 14. Bh6 e5 15. Bxg7 Kxg7 16. e3 Bf5 17. e4 Bg4 18. h3 Bxf3 19. Bxf3 Nd4 20. Bg2 Rb7 21. Rb2 Qa3 22. Qd2 Ra8 23. f4 Nd7 24. f5 f6 25. Nd5 c6 26. Ne3 Qa7 27. Kh2 g5 28. Nc2 Qb6 29. Nxd4 Qxd4 30. Rc1 Rb6 31. Bf3 Ra3 32. Rd1 Rba6 33. Kg2 Nb6 34. Be2 Na4 35. Rc2 Nc3 36. Rdc1 Nxe2 37. Qxe2 Rxd3 38. h4 Raa3 39. Qg4 h5 0-1